000 00910nam a2200205Ii 4500
003 JO-AjNU
008 230605s9999||||xx |||||||||||||| ||und||
020 _a978-1-138-89896-7/978-0-815-35454-3/978-1-351-13255-8
040 _aJO-AjNU
_bara
_erda
_cJO-AjNU
041 _aara
050 1 4 _aLC4036.G7.B75 2017
100 3 _aبريجز،سو ,
_eauthor
_961260
245 0 0 _aتلبية الاحتياجات التعلمية الخاصة في الفصول الدراسية للمرحلة الابتدائية الدمج وكيفية القيام به=Meeting Special Educational Needs in primary Classrooms inclusion and how to do it
264 3 1 _aNEW YORK:Routldge,2017
300 _a246ص
336 _atext
_btxt
_2rdacontent
337 _aunmediated
_bn
_2rdamedia
338 _avolume
_bnc
_2rdacarrier
650 4 _aالدمج- الفصول الدراسية- المرحلة الابتدائية
_961261
999 _aA27677
_c31245
_d31245